000 00682nam a22001577a 4500
003 OSt
005 20150915101628.0
008 150915b xxu||||| |||| 00| 0 eng d
040 _cRUA
082 _aAGR HON 1999 BOO26 Or.1
100 _9489
_aHONG, MENGLY
245 _aFARMILY PRODUCTION OF VEGETABLE AND FRUIT CROPS IN SREY SANTHOR DISTRICT, KAMPONG CHAM PROVINCE,(ផលិតកម្មដំណាំបន្លែ និងឈើហូមផ្លែជាលក្ខណៈគ្រួសារ នៅស្រុកស្រីសន្ធរ ខេត្តកំពង់ចាម).
260 _aphnom phen
_bRUA
_c1999
300 _a55p.
_bill.
_c29cm.
942 _2ddc
_cAGR
999 _c471
_d471